000 00544nam a22002057a 4500
003 OSt
005 20140310182935.0
008 130201t xxu||||| |||| 00| 0 eng d
020 _a9715551313
050 _aPL 5539
_b.Su949 2001
082 _aFIL 955.09
_bSu5 2001
245 _aHarvest and other stories
_cSulit, Loreto
260 _aManila
_bDe La Salle University Press
_cc2001
300 _axxxvii, 406 p.
_c23 cm.
521 _acollege students
526 _c1210L-1700L
562 _e1
942 _2lcc
_cBK
_kFIL
999 _c17598
_d17598